| 000 | 00468nam a2200193Ia 4500 | ||
|---|---|---|---|
| 003 | OSt | ||
| 005 | 20250915163629.0 | ||
| 020 | _a978-1-118-12856-5 | ||
| 040 | _cLC | ||
| 050 |
_aQA 39.3 .Y 68 2011 _b2 |
||
| 100 | _aYOUNG, CYNTHIA | ||
| 245 | 0 | _aPRECALCULUS | |
| 250 | _aCUSTOM EDITION | ||
| 260 |
_aNEW JERSEY, _bJOHN WILEY & SONS, _c2011, |
||
| 300 | _aXX, 1249 P, ILL | ||
| 500 | _aINCLUDES INDEX | ||
| 650 | _a Precalculus-Textbooks | ||
| 942 |
_cBK _2lcc _n0 |
||
| 999 |
_c188342 _d188342 |
||